000 01535nam0a2200337 4500
001 RU\NLR\bibl\971020
005 20260405112106.0
021 _aRU
_b2006-32363
_91618
035 _a(nilc)RSL-KNO-002892734
035 _a(NLR Aleph) 000958983
090 _a327345
_c327345
100 _a20060530d2006 |||y0rusy50 ca
101 0 _arus
102 _aRU
105 _aa |||||||||
106 _ar
200 1 _aНа черной реке
_eроман
_fГеннадий Старостенко
210 _aМосква
_cПодвиг
_cСМ
_d2006
_eМ.
_gТипография АО "Молодая гвардия"
215 _a277 с.
_cил.
_d20
225 1 _aПодвиг
_v5-2006
225 1 _aГероика. Приключения. Детектив
423 0 _12001#$aОтвет дантиста$eрассказ$fДжей Стрит$gпер. с англ. Николай Спицын$g[к сб. в целом: худож. Ольга Акулинина]
_1210##$aМосква$cПодвиг$cСМ$d2006
_1215##$aС. 266-274$cил.
_1700#1$3RU\NLR\auth\7742990$aСтрит$bДж.$gДжей$4070
_tОтвет дантиста
_aСтрит, Джей
686 _aШ5(2=Р)75-644.6
_2rubbk
686 _aШ6(0)07-446{Лх150-60}
700 1 _4070
_8rus
_7ca
_aСтаростенко
_bГ. В.
_f1959-
_gГеннадий Владимирович
_3RU\NLR\auth\7742989
_925932
801 0 _aRU
_bРКП
_c20060530
_grpk
801 1 _aRU
_bРГБ
_c20060530
801 2 _aRU
_bNLR
_c20060728
_grcr
942 _cBOOK
980 _aNB